000 00340pab a2200145 454500
008 180718b1983 xxu||||| |||| 00| 0 eng d
100 _aMorriss, Peter
245 _aHow capitalism infringes property rights
260 _c1983
300 _a656-61
362 _aDec.
650 _aCapitalism
773 _aPolitical Studies
909 _a5128
999 _c5128
_d5128